Five newest Countries that joined UN by Continent - Statistics

General Stats
  • This quiz has been taken 1,109 times
  • The average score is 24 of 34
Answer Stats
Population County % Correct
Africa 2011 South Sudan
95%
Europe 1993 Serbia
86%
Europe 2006 Montenegro
85%
South America 1966 Guyana
81%
South America 1975 Suriname
81%
Europe 1993 North Macedonia
80%
Asia 1992 Kazakhstan
79%
Oceania 1994 Palau
78%
Asia 1992 Tajikistan
78%
Asia 1992 Turkmenistan
78%
Asia 1992 Uzbekistan
78%
Asia 1992 Kyrgyzstan
77%
Asia 1992 Armenia
76%
Asia 1992 Azerbaijan
76%
Asia 1992 Georgia
76%
Oceania 1999 Nauru
75%
Oceania 2000 Tuvalu
75%
North America 1983 Saint Kitts and Nevis
74%
North America 1979 Saint Lucia
74%
North America 1980 Saint Vincent and the Grenadines
73%
Africa 1993 Eritrea
72%
Europe 1993 Slovakia
72%
Asia 2002 East Timor
71%
Oceania 1999 Kiribati
70%
Oceania 1999 Tonga
69%
Europe 1993 Czech Republic
68%
North America 1981 Antigua and Barbuda
65%
North America 1981 Belize
62%
Africa 1990 Namibia
48%
Europe 2002 Switzerland
45%
Europe 1993 Andorra
40%
Africa 1980 Zimbabwe
40%
Europe 1993 Monaco
37%
Africa 1979 Seychelles
36%
No matching quizzes found
Score Distribution
Percent of People with Each Score
Percentile by Number Answered
Your Score History
You have not taken this quiz